| 000 | 01064cam a2200289 i 4500 | ||
|---|---|---|---|
| 003 | EG-ScBUE | ||
| 005 | 20240205140527.0 | ||
| 008 | 110725s1993 iq f b 00010 cara d | ||
| 040 |
_aEG-ScBUE _bara _erda _cEG-ScBUE _dEG-ScBUE |
||
| 082 | 0 | 4 |
_a953.01 _bع ل ي _222 |
| 100 | 1 |
_aعلي، جواد، _eمؤلف. _926403 |
|
| 245 | 1 | 2 |
_aالمفصل في تاريخ العرب قبل الإسلام / _cتأليف جواد علي. |
| 250 | _aالطبعة الثانية. | ||
| 264 | 1 |
_aبغداد : _bجامعة بغداد، _c1993. |
|
| 300 |
_a10 مجلد ؛ _c24 سم |
||
| 336 |
_2rdacontent _aنص _btxt |
||
| 337 |
_aبدون وسيط _2rdamedia _bn |
||
| 338 |
_aمجلد _bnc _2rdacarrier |
||
| 500 | _aكشاف : مج. 10. | ||
| 504 | _aيشتمل على إرجاعات ببليوجرافية. | ||
| 650 | 7 |
_aالجاهلية. _2BUEsh _921735 |
|
| 650 | 7 |
_aالقبائل العربية. _2BUEsh |
|
| 651 | 7 |
_aشبه الجزيرة العربية _xتاريخ. _2BUEsh _921737 |
|
| 653 |
_bARALIT _cAugust2015 |
||
| 655 | _vReading book | ||
| 942 | _2ddc | ||
| 999 |
_c15729 _d15729 |
||